[Event "FRA-chT2 0910"]
[Site "France"]
[Date "2009.10.17"]
[Round "2.7"]
[White "Vallobra, Thierry"]
[Black "Simon, Laurent"]
[Result "0-1"]
[WhiteElo "1420"]
[BlackElo "2058"]
[PlyCount "84"]
[EventDate "2009.09.27"]
[EventType "team-tourn"]
[EventRounds "11"]
[EventCountry "FRA"]
[SourceTitle "EXT 2011"]
[Source "ChessBase"]
[SourceDate "2010.11.26"]
[SourceVersion "1"]
[SourceVersionDate "2010.11.26"]
[SourceQuality "1"]

1. d4 d5 2. c4 Bf5 3. e3 e6 4. Nf3 Nf6 5. Nc3 c6 6. Bd3 Bxd3 7. Qxd3 Nbd7 8. c5 a5 9. 0-0 b6 10. cxb6 Nxb6 11. b3 Bd6 12. Bd2 0-0 13. Rfe1 h6 14. Ne2 Ne4 15. Ne5 Bxe5 16. dxe5 c5 17. Qc2 Qd7 18. Red1 Rfc8 19. Nc3 Nxc3 20. Qxc3 a4 21. e4 d4 22. Qg3 Kh7 23. Qh3 Qb7 24. f3 axb3 25. axb3 Rxa1 26. Rxa1 c4 27. bxc4 Nxc4 28. Bf4 Qb2 29. Rc1 d3 30. g4 d2 31. Rd1 Qd4+ 32. Kg2 Ne3+ 33. Bxe3 Qxe3 34. g5 Qe2+ 35. Kg3 Qxd1 36. gxh6 Qxf3+ 37. Kxf3 d1Q+ 38. Kf4 Qd2+ 39. Kg4 Qxh6 40. Qf3 Kg6 41. Qh1 Qg5+ 42. Kf3 Rc3+ 0-1

[Event "Montigny le Bretonneux Noel op 11th"]
[Site "Montigny le Bretonneux"]
[Date "2008.12.31"]
[Round "7"]
[White "Vallobra, Thierry"]
[Black "Rodriguez, Jean Pierre"]
[Result "0-1"]
[WhiteElo "1499"]
[BlackElo "1693"]
[PlyCount "80"]
[EventDate "2008.12.26"]
[EventType "swiss"]
[EventRounds "7"]
[EventCountry "FRA"]
[SourceTitle "EXT 2010"]
[Source "ChessBase"]
[SourceDate "2010.11.25"]
[SourceVersion "1"]
[SourceVersionDate "2010.11.25"]
[SourceQuality "1"]

1. d4 d5 2. c4 e6 3. e3 Nf6 4. Nf3 c6 5. Nbd2 Be7 6. Bd3 0-0 7. 0-0 Nbd7 8. Re1 Re8 9. b3 Qc7 10. h3 e5 11. dxe5 Nxe5 12. Nxe5 Qxe5 13. Rb1 Bd6 14. Nf3 Qe7 15. Bb2 Be6 16. cxd5 Nxd5 17. Qc2 h6 18. Ne5 Bxe5 19. Bxe5 Nb4 20. Bh7+ Kh8 21. Qe4 Bd5 22. Bxg7+ Kxg7 23. Qg4+ Kxh7 24. Qf5+ Kg7 25. Qg4+ Qg5 26. Qd4+ Kh7 27. f3 Bxf3 28. Rb2 Nd5 29. Qd3+ Be4 30. Qd4 Re6 31. Rf2 Rf8 32. Ref1 f5 33. Qc5 Ref6 34. Qxa7 R6f7 35. Qd4 Nxe3 36. Qxe4 fxe4 37. Rxf7+ Rxf7 38. Rxf7+ Kg8 39. Rf2 Qg3 40. a4 Nd1 0-1

[Event "Montigny le Bretonneux Noel op 11th"]
[Site "Montigny le Bretonneux"]
[Date "2008.12.27"]
[Round "3"]
[White "Vallobra, Thierry"]
[Black "Mongey, Alain"]
[Result "0-1"]
[WhiteElo "1499"]
[BlackElo "1610"]
[PlyCount "148"]
[EventDate "2008.12.26"]
[EventType "swiss"]
[EventRounds "7"]
[EventCountry "FRA"]
[SourceTitle "EXT 2010"]
[Source "ChessBase"]
[SourceDate "2010.11.25"]
[SourceVersion "1"]
[SourceVersionDate "2010.11.25"]
[SourceQuality "1"]

1. d4 Nf6 2. Nf3 g6 3. c4 Bg7 4. e3 0-0 5. Bd3 d6 6. 0-0 Nbd7 7. Re1 b6 8. Nbd2 Bb7 9. b3 Re8 10. Bb2 e6 11. Rb1 c5 12. e4 cxd4 13. Bxd4 Nc5 14. Bc2 Rc8 15. e5 dxe5 16. Bxe5 Qd7 17. Re2 Red8 18. h3 Qe7 19. Re3 Bh6 20. Re1 Nd3 21. Bxd3 Rxd3 22. Qe2 Rcd8 23. Nf1 Bxf3 24. gxf3 Nh5 25. Rbd1 Rxd1 26. Rxd1 Rxd1 27. Qxd1 Qg5+ 28. Bg3 Bf8 29. Qd7 Nxg3 30. Nxg3 a5 31. Qd3 h5 32. Kh2 Qe5 33. Qe4 Qc5 34. Qe3 Qc7 35. Kg2 Bc5 36. Qg5 Be7 37. Qe3 Qd8 38. Qe2 Qc7 39. Qe3 Qd6 40. Qe4 Bd8 41. Qe3 Bc7 42. Qg5 Kf8 43. Qe3 Ke8 44. Qg5 Kd7 45. Qe3 Qf4 46. Qd3+ Kc6 47. Qe2 h4 48. Nf1 g5 49. Qd1 Qd6 50. Qe2 Qe5 51. Qd1 Qb2 52. a4 Bd6 53. Ne3 Bc5 54. Qe1 Qxb3 55. Qe2 Bxe3 56. fxe3 Qxa4 57. f4 Kc5 58. fxg5 Qc6+ 59. Kf1 Qh1+ 60. Kf2 Qh2+ 61. Kf3 Qxe2+ 62. Kxe2 Kxc4 63. e4 a4 64. Ke3 a3 65. Kf4 a2 66. Ke5 a1Q+ 67. Kd6 Qd1+ 68. Kc6 b5 69. e5 b4 70. Kc7 b3 71. Kc6 b2 72. Kc7 b1Q 73. Kc6 Qd5+ 74. Kc7 Qbb7# 0-1